| 000 | 00644cam a2200217u 4500 | ||
|---|---|---|---|
| 001 | 8908384 | ||
| 003 | OSt | ||
| 005 | 20220918175246.0 | ||
| 008 | 810311s1960 xx 000 0 ita | ||
| 010 | _a 62033396 | ||
| 040 |
_aDLC _cCarP _dDLC |
||
| 050 | 0 | 0 |
_aBX1913 _b.A4 1960 |
| 100 | 1 |
_aAlberione, Giacomo Giuseppe, _d1884- [from old catalog] _9228 |
|
| 245 | 0 | 0 | _aAppunti di teologia pastorale per la scuola ed il ministero. |
| 250 | _a3. ed. | ||
| 260 |
_a[Alba] _bEdizioni paoline _c[1960] |
||
| 300 | _ap. cm. | ||
| 650 | 0 |
_aPastoral theology _xCatholic Church. _9229 |
|
| 906 |
_a0 _bcbc _cpremunv _du _encip _f19 _gy-gencatlg |
||
| 942 |
_2ddc _cBK |
||
| 999 |
_c1 _d1 |
||